Представление документа в формате RUSMARC

ПолеНазваниеЗначение
  Тип записи a
  Библиографический уровень m
001 Контрольный номер UONB/MAIN/7588df90791244d6911a20466fa216a8
005 Дата корректировки 20260211151433.4
100 Данные общей обработки __
a Данные общей обработки 20260211g1990 u u0rusy0189 ca
101 Язык документа 0_
a Язык текста rus
102 Страна публикации __
a Страна публикации RU
105 Кодированные данные (монография) __
a Кодированные данные (монография) y z 001yy
200 Заглавие и сведения об ответственности 1_
a Заглавие Человек: образ и сущность
e Сведения, относящиеся к заглавию гуманитарные аспекты
e Сведения, относящиеся к заглавию ежегодник
f Первые сведения об ответственности Академия наук СССР, Институт научной информации по общественным наукам
g Последующие сведения об ответственности ответственный редактор Л. В. Скворцов [и др.]
203 Вид содержания и тип средства __
a Вид содержания Текст
b Характеристика содержания визуальный
c Тип средства непосредственный
210 Выходные данные 1_
a Место издания Москва
c Издательство ИНИОН
d Дата издания 1990-
215 Физическое описание __
d Формат 21 см
702 Вторичная интеллектуальная ответственность _1
a Фамилия Скворцов
b Имя (инициалы) Л. В.
g Полное личное имя Лев Владимирович
4 Код отношения 340
712 Наименование организации (Вторичная ответственность) 02
4 Код отношения 570
712 Наименование организации (Вторичная ответственность) 02
a Организация/ юрисдикция Институт научной информации по общественным наукам
4 Код отношения 570
801 Источник записи _0
a Страна RU
b Организация Ульяновская ОНБ
c Дата составления 20260211
g Правила каталогизации RCR
801 Источник записи _1
a Страна RU
b Организация Ульяновская ОНБ
c Дата составления 20260211
g Правила каталогизации RCR
901 Тип документа __
t Тип документа v
909 Создатель записи __
a Создатель записи Горбункова
b Дата создания записи 20260211